| 000 | 00847nam a2200253Ia 4500 | ||
|---|---|---|---|
| 003 | OSt | ||
| 005 | 20220926005251.0 | ||
| 006 | a|||||r|||| 00| 0 | ||
| 007 | ta | ||
| 008 | 220923b |||||||| |||| 00| 0 eng d | ||
| 020 |
_a9788189265059 _c845.75 |
||
| 037 |
_b123, 12/08/2008, PIONEER BOOK DISTRIBUTORS _cGeneral Book |
||
| 040 |
_aRTL _cRTL _beng |
||
| 041 |
_2eng _aeng |
||
| 082 | _aX:87, P8 | ||
| 100 |
_aRampersad Hubert K _9145364 |
||
| 245 | 0 |
_aAuthentic personal branding _b New blueprint for building and aligning a powerful leadership brand |
|
| 260 |
_a New Delhi _bSara Books _c2008 |
||
| 300 |
_axiv, 226p _ccm. |
||
| 500 | _aBibliography: P: 222-23 | ||
| 650 | _aCOMMERCE | ||
| 942 |
_hX:87, P8 _cGB _2CC |
||
| 999 |
_c613373 _d613373 |
||